| 000 | 01235nam a2200301 i 4500 | ||
|---|---|---|---|
| 003 | EG-ScBUE | ||
| 005 | 20231106104936.0 | ||
| 008 | 110904s1990 ua af 000 u cara d | ||
| 017 | _a1990 / 2031 | ||
| 020 | _a977124350X | ||
| 040 |
_aEG-ScBUE _bara _erda _cEG-ScBUE _dEG-ScBUE |
||
| 082 | 0 | 4 |
_222 _a782.42168 _bت ب ا |
| 100 | 1 |
_926973 _aتبارك، محمد، _eمؤلف. |
|
| 245 | 1 | 0 |
_aذكريات عاشق : _bرامي وأم كلثوم / _cمحمد تبارك ؛ المشرف على التحرير جمال الغيطاني. |
| 264 | 1 |
_aالقاهرة : _bأخبار اليوم، _c1990. |
|
| 300 |
_a125 صفحة ؛ _c19 سم. |
||
| 336 |
_2rdacontent _aنص _btxt |
||
| 337 |
_aبدون وسيط _2rdamedia _bn |
||
| 338 |
_aمجلد _bnc _2rdacarrier |
||
| 490 | 0 |
_aكتاب اليوم ؛ _v304 |
|
| 541 |
_aعلاء عبد الغني ؛ _cإهداء ؛ |
||
| 650 | 7 |
_926974 _aالفنانون المصريون _vتراجم. _2BUEsh |
|
| 650 | 7 |
_aالشعراء المصريون _vتراجم. _2BUEsh |
|
| 650 | 7 |
_aالمطربون والمطربات المصريون _vتراجم. _2BUEsh |
|
| 655 | _vReading book | ||
| 700 | 1 |
_aالغيطاني، جمال، _d1945-2015، _eمشرف. |
|
| 942 |
_2ddc _cBB |
||
| 999 |
_c15945 _d15945 |
||